Т. 13, № 6; Психологический журнал

מידע ביבליוגרפי
Parent link:Психологический журнал: журнал/ Академия наук СССР. Т. 13, № 6.— , 1983-1996.— 0205-9592
שפה:רוסית
יצא לאור: 1992
פורמט: ספר
KOHA link:https://koha.lib.tpu.ru/cgi-bin/koha/opac-detail.pl?biblionumber=531489

MARC

LEADER 00000nam2a2200000 4500
001 531489
005 20231101112710.0
035 |a (RuTPU)RU\TPU\prd\217750 
035 |a RU\TPU\prd\217742 
090 |a 531489 
100 |a 20140411a19831996k y0rusy50 ca 
101 0 |a rus 
102 |a RU 
200 0 |a Т. 13, № 6 
210 |d 1992 
461 1 |0 (RuTPU)RU\TPU\prd\318  |x 0205-9592  |t Психологический журнал  |o журнал  |f Академия наук СССР  |v Т. 13, № 6  |d 1983-1996 
801 0 |a RU  |b 63413507  |c 20010227  |g PSBO 
801 1 |a RU  |b 63413507  |c 20060912  |g PSBO 
801 2 |a RU  |b 63413507  |c 20140411  |g PSBO 
942 |c BK 
999 |a НТБ_ТПУ  |b НФ  |e -14/20140109  |p П-9075  |u 0,00  |v 1